Joueurs français ayant joué au FC Séville - Statistiques

Statistiques générales
  • Ce quiz a été pris 33 fois
  • Le résultat moyen est 7 sur 30
Statistiques - réponses
Année d'arrivée Année de départ Club précédant Club suivant Nombre de match Joueurs % Correct
2019 2022 FC Girondins de Bordeaux FC Barcelone 133 Jules Koundé
71%
2015 2017 Stoke City AS Roma 136 Steven Nzonzi
65%
2013 2016 Paris Saint-Germain Atlético de Madrid 145 Kévin Gameiro
61%
2017 2018 AS Nancy-Lorraine FC Barcelone 73 Clément Lenglet
58%
2016 2019 Toulouse FC AS Monaco 138 Wissam Ben Yedder
58%
2015 2017 AC Milan Olympique de Marseille 79 Adil Rami
55%
2023 2025 Stade Rennais FC Bayer 04 Leverkusen 93 Loïc Badé
48%
2022 2022 Manchester United Manchester United 12 Anthony Martial
39%
2014 2017 Dynamo Kyiv Sans Club 67 Benoît Trémoulinas
32%
2016 2017 Manchester City Manchester City 30 Samir Nasri
32%
2026 2026 Olympique de Marseille Olympique de Marseille 6 Neal Maupay
29%
2018 2019 AS Roma AS Roma 13 Maxime Gonalons
26%
2024 En cours Inter Milan En cours 78 Lucien Agoumé
23%
2017 2020 LOSC Lille FC Nantes 22 Sébastien Corchia
23%
2006 2012 Ajax Amsterdam Besiktas JK 239 Julien Escudé
19%
2008 2010 Olympique Lyonnais Arsenal FC 65 Sébastien Squillaci
19%
2022 En cours Bayern Munich En cours 62 Tanguy Nianzou
19%
2023 2024 Leicester City Leicester City 34 Boubakary Soumaré
13%
2025 2026 Tabzonspor Trabzonspor 25 Batista Mendy
10%
2018 2021 Stade Rennais FC Sans Club 17 Joris Gnagnon
10%
2018 2022 LOSC Lille FC Metz 32 Ibrahim Amadou
6%
2010 2011 AS Saint-Etienne Olympique Lyonnais 37 Mouhamadou Dabo
6%
2014 2017 OGC Nice Borussia Mönchengladbach 91 Timothée Kolodziejczak
6%
2008 2011 Genoa CFC Genoa CFC 69 Abdoulay Konko
3%
2017 2018 Galatasaray Galatasaray 9 Lionel Carole
3%
1997 1998 FC Nantes Paris Saint-Germain 31 Dominique Casagrande
0%
1934 1937 ASF de Tanger RC Lens - Elias Melul
0%
1948 1949 Olympique de Marseille Olympique de Marseille 10 Georges Dard
0%
1997 1998 Montpellier Hérault SC Ipswich Town 12 Jean-Manuel Thétis
0%
1989 1993 Sevilla Atlético Real Oviedo 74 Juan Andrades
0%
Aucun quiz correspondant
Distribution des résultats
% des personnes avec chaque résultat
Percentile par nombre de réponses
Votre historique - résultats
Vous n’avez pas pris ce quiz